000 00578cam a22002053a 4500
001 40412
003 PGUSA
005 20140828083913.0
008 130105s2013||||xxu|||||s|||||000 | eng d
040 _aPGUSA
_beng
042 _adc
100 1 _aPatterson, Mabel
245 1 0 _aThrough the Year With Famous Authors
_h[electronic resource] /
_cMabel Patterson
260 _bProject Gutenberg,
_c2013
506 _aPublic domain in the USA.
516 _aElectronic text
830 0 _aProject Gutenberg
_v40412
856 4 0 _uhttp://www.gutenberg.org/ebooks/40412
942 _cEB
999 _c269665
_d269665